Statistics for Guess The Blink-182 Song(Very Hard)

Click here to take the quiz!

General Stats

  • This quiz has been taken 63 times
  • The average score is 3 of 15

Answer Stats

HintAnswer% Correct
I remember shotsMan Overboard
58%
All my thingsAdam's Song
40%
Get ready forFeeling This
40%
I will notAll The Small Things
35%
We're fucked upAnthem Part 2
28%
The glow insideDown
19%
You when you'reWhat's My Age Again?
14%
Bored to deathBlame It On My Youth
12%
I'm all tornStory Of A Lonely Guy
9%
It's time toEdging
5%
On your mixtapeKaleidoscope
5%
A little kidWishing Well
5%
Since I haveDick Lips
2%
As if sheGhost On The Dance Floor
2%
My way outCynical
0%

Score Distribution

Percentile by Number Answered

Percent of People with Each Score

Your Score History

You have not taken this quiz